<?xml version="1.0" encoding="UTF-8"?>
<record
    xmlns:xsi="http://www.w3.org/2001/XMLSchema-instance"
    xsi:schemaLocation="http://www.loc.gov/MARC21/slim http://www.loc.gov/standards/marcxml/schema/MARC21slim.xsd"
    xmlns="http://www.loc.gov/MARC21/slim">

  <leader>00673nam a22001577a 4500</leader>
  <controlfield tag="003">OSt</controlfield>
  <controlfield tag="005">20151006161949.0</controlfield>
  <controlfield tag="008">151006b        xxu||||| |||| 00| 0 eng d</controlfield>
  <datafield tag="040" ind1=" " ind2=" ">
    <subfield code="c">RUA</subfield>
  </datafield>
  <datafield tag="082" ind1=" " ind2=" ">
    <subfield code="a">AVM THA 2007 B079 Or.1</subfield>
  </datafield>
  <datafield tag="100" ind1=" " ind2=" ">
    <subfield code="9">2210</subfield>
    <subfield code="a">THAY, SOPHEAP.</subfield>
  </datafield>
  <datafield tag="245" ind1=" " ind2=" ">
    <subfield code="a">Effect of using dry brewery waste as  concentratre on growth rate of local duck, &#x17A5;&#x1791;&#x17D2;&#x1792;&#x17B7;&#x1796;&#x179B;&#x1793;&#x17C3;&#x1780;&#x17B6;&#x179A;&#x1794;&#x17D2;&#x179A;&#x17BE;&#x1794;&#x17D2;&#x179A;&#x17B6;&#x179F;&#x17CB;&#x1780;&#x17B6;&#x178F;&#x179F;&#x17D2;&#x179A;&#x17B6;&#x1794;&#x17C0;&#x179A;&#x179F;&#x17D2;&#x1784;&#x17BD;&#x178F;&#x1787;&#x17B6;&#x1785;&#x1798;&#x178E;&#x17B8;&#x1795;&#x17D2;&#x179F;&#x17C6;&#x179B;&#x17BE;&#x1780;&#x17B6;&#x179A;&#x179B;&#x17BC;&#x178F;&#x179B;&#x17B6;&#x179F;&#x17CB;&#x179A;&#x1794;&#x179F;&#x17CB;&#x1791;&#x17B6;&#x1780;&#x17D2;&#x1793;&#x17BB;&#x1784;&#x179F;&#x17D2;&#x179A;&#x17BB;&#x1780;</subfield>
  </datafield>
  <datafield tag="260" ind1=" " ind2=" ">
    <subfield code="a">Phnom Penh</subfield>
    <subfield code="b">RUA</subfield>
    <subfield code="c">2007</subfield>
  </datafield>
  <datafield tag="300" ind1=" " ind2=" ">
    <subfield code="a">viii; 44p.</subfield>
    <subfield code="b">ill.</subfield>
    <subfield code="c">29cm.</subfield>
  </datafield>
  <datafield tag="942" ind1=" " ind2=" ">
    <subfield code="2">ddc</subfield>
    <subfield code="c">AVM</subfield>
  </datafield>
  <datafield tag="999" ind1=" " ind2=" ">
    <subfield code="c">2083</subfield>
    <subfield code="d">2083</subfield>
  </datafield>
  <datafield tag="952" ind1=" " ind2=" ">
    <subfield code="0">0</subfield>
    <subfield code="1">0</subfield>
    <subfield code="2">ddc</subfield>
    <subfield code="4">0</subfield>
    <subfield code="6">AVM_THA_2007_000000000000000_B079_OR_1</subfield>
    <subfield code="7">0</subfield>
    <subfield code="9">8565</subfield>
    <subfield code="a">LBB</subfield>
    <subfield code="b">LBB</subfield>
    <subfield code="c">B079</subfield>
    <subfield code="d">2015-10-06</subfield>
    <subfield code="l">3</subfield>
    <subfield code="o">AVM THA 2007 B079 Or.1</subfield>
    <subfield code="p">RUA017158</subfield>
    <subfield code="r">2023-01-09</subfield>
    <subfield code="s">2022-12-20</subfield>
    <subfield code="w">2015-10-06</subfield>
    <subfield code="y">AVM</subfield>
  </datafield>
  <datafield tag="952" ind1=" " ind2=" ">
    <subfield code="0">0</subfield>
    <subfield code="1">0</subfield>
    <subfield code="2">ddc</subfield>
    <subfield code="4">0</subfield>
    <subfield code="6">AVM_THA_2007_000000000000000_B079_OR_2</subfield>
    <subfield code="7">0</subfield>
    <subfield code="9">8566</subfield>
    <subfield code="a">LBB</subfield>
    <subfield code="b">LBB</subfield>
    <subfield code="c">B079</subfield>
    <subfield code="d">2015-10-06</subfield>
    <subfield code="o">AVM THA 2007 B079 Or.2</subfield>
    <subfield code="p">RUA009073</subfield>
    <subfield code="r">2015-10-06</subfield>
    <subfield code="w">2015-10-06</subfield>
    <subfield code="y">AVM</subfield>
  </datafield>
  <datafield tag="952" ind1=" " ind2=" ">
    <subfield code="0">0</subfield>
    <subfield code="1">0</subfield>
    <subfield code="2">ddc</subfield>
    <subfield code="4">0</subfield>
    <subfield code="6">AVM_THA_2007_000000000000000_B079_OR_3</subfield>
    <subfield code="7">0</subfield>
    <subfield code="9">8567</subfield>
    <subfield code="a">LBB</subfield>
    <subfield code="b">LBB</subfield>
    <subfield code="c">B079</subfield>
    <subfield code="d">2015-10-06</subfield>
    <subfield code="l">2</subfield>
    <subfield code="o">AVM THA 2007 B079 Or.3</subfield>
    <subfield code="p">RUA015023</subfield>
    <subfield code="r">2024-11-12</subfield>
    <subfield code="s">2024-11-05</subfield>
    <subfield code="w">2015-10-06</subfield>
    <subfield code="y">AVM</subfield>
  </datafield>
  <datafield tag="952" ind1=" " ind2=" ">
    <subfield code="0">0</subfield>
    <subfield code="1">0</subfield>
    <subfield code="2">ddc</subfield>
    <subfield code="4">0</subfield>
    <subfield code="6">AVM_THA_2007_000000000000000_B079_OR_4</subfield>
    <subfield code="7">0</subfield>
    <subfield code="9">8568</subfield>
    <subfield code="a">LBB</subfield>
    <subfield code="b">LBB</subfield>
    <subfield code="c">B079</subfield>
    <subfield code="d">2015-10-06</subfield>
    <subfield code="l">3</subfield>
    <subfield code="o">AVM THA 2007 B079 Or.4</subfield>
    <subfield code="p">RUA015025</subfield>
    <subfield code="r">2025-12-19</subfield>
    <subfield code="s">2025-11-28</subfield>
    <subfield code="w">2015-10-06</subfield>
    <subfield code="y">AVM</subfield>
  </datafield>
  <datafield tag="952" ind1=" " ind2=" ">
    <subfield code="0">0</subfield>
    <subfield code="1">0</subfield>
    <subfield code="2">ddc</subfield>
    <subfield code="4">0</subfield>
    <subfield code="6">AVM_THA_2007_000000000000000_B079_OR_5</subfield>
    <subfield code="7">0</subfield>
    <subfield code="9">8569</subfield>
    <subfield code="a">LBB</subfield>
    <subfield code="b">LBB</subfield>
    <subfield code="c">B079</subfield>
    <subfield code="d">2015-10-06</subfield>
    <subfield code="l">1</subfield>
    <subfield code="o">AVM THA 2007 B079 Or.5</subfield>
    <subfield code="p">RUA019156</subfield>
    <subfield code="r">2017-08-03</subfield>
    <subfield code="s">2017-07-25</subfield>
    <subfield code="w">2015-10-06</subfield>
    <subfield code="y">AVM</subfield>
  </datafield>
  <datafield tag="952" ind1=" " ind2=" ">
    <subfield code="0">0</subfield>
    <subfield code="1">0</subfield>
    <subfield code="2">ddc</subfield>
    <subfield code="4">0</subfield>
    <subfield code="6">AVM_THA_2007_000000000000000_B079_OR_6</subfield>
    <subfield code="7">0</subfield>
    <subfield code="9">8570</subfield>
    <subfield code="a">LBB</subfield>
    <subfield code="b">LBB</subfield>
    <subfield code="c">B079</subfield>
    <subfield code="d">2015-10-06</subfield>
    <subfield code="l">2</subfield>
    <subfield code="o">AVM THA 2007 B079 Or.6</subfield>
    <subfield code="p">RUA025389</subfield>
    <subfield code="r">2021-03-09</subfield>
    <subfield code="s">2021-02-19</subfield>
    <subfield code="w">2015-10-06</subfield>
    <subfield code="y">AVM</subfield>
  </datafield>
  <datafield tag="952" ind1=" " ind2=" ">
    <subfield code="0">0</subfield>
    <subfield code="1">0</subfield>
    <subfield code="2">ddc</subfield>
    <subfield code="4">0</subfield>
    <subfield code="6">AVM_THA_2007_000000000000000_B079_OR_7</subfield>
    <subfield code="7">0</subfield>
    <subfield code="9">8571</subfield>
    <subfield code="a">LBB</subfield>
    <subfield code="b">LBB</subfield>
    <subfield code="c">B079</subfield>
    <subfield code="d">2015-10-06</subfield>
    <subfield code="l">2</subfield>
    <subfield code="m">2</subfield>
    <subfield code="o">AVM THA 2007 B079 Or.7</subfield>
    <subfield code="p">RUA025245</subfield>
    <subfield code="r">2016-07-20</subfield>
    <subfield code="s">2016-06-16</subfield>
    <subfield code="w">2015-10-06</subfield>
    <subfield code="y">AVM</subfield>
  </datafield>
  <datafield tag="952" ind1=" " ind2=" ">
    <subfield code="0">0</subfield>
    <subfield code="1">0</subfield>
    <subfield code="2">ddc</subfield>
    <subfield code="4">0</subfield>
    <subfield code="6">AVM_THA_2007_000000000000000_B079_OR_8</subfield>
    <subfield code="7">0</subfield>
    <subfield code="9">8572</subfield>
    <subfield code="a">LBB</subfield>
    <subfield code="b">LBB</subfield>
    <subfield code="c">B079</subfield>
    <subfield code="d">2015-10-06</subfield>
    <subfield code="l">5</subfield>
    <subfield code="o">AVM THA 2007 B079 Or.8</subfield>
    <subfield code="p">RUA025240</subfield>
    <subfield code="r">2021-10-11</subfield>
    <subfield code="s">2021-09-20</subfield>
    <subfield code="w">2015-10-06</subfield>
    <subfield code="y">AVM</subfield>
  </datafield>
  <datafield tag="952" ind1=" " ind2=" ">
    <subfield code="0">0</subfield>
    <subfield code="1">0</subfield>
    <subfield code="2">ddc</subfield>
    <subfield code="4">0</subfield>
    <subfield code="6">AVM_THA_2007_000000000000000_B079_OR_9</subfield>
    <subfield code="7">0</subfield>
    <subfield code="9">8573</subfield>
    <subfield code="a">LBB</subfield>
    <subfield code="b">LBB</subfield>
    <subfield code="c">B079</subfield>
    <subfield code="d">2015-10-06</subfield>
    <subfield code="l">6</subfield>
    <subfield code="m">2</subfield>
    <subfield code="o">AVM THA 2007 B079 Or.9</subfield>
    <subfield code="p">RUA025168</subfield>
    <subfield code="r">2018-08-01</subfield>
    <subfield code="s">2018-07-02</subfield>
    <subfield code="w">2015-10-06</subfield>
    <subfield code="y">AVM</subfield>
  </datafield>
  <datafield tag="952" ind1=" " ind2=" ">
    <subfield code="0">0</subfield>
    <subfield code="1">0</subfield>
    <subfield code="2">ddc</subfield>
    <subfield code="4">0</subfield>
    <subfield code="6">AVM_THA_2007_000000000000000_B079_OR_10</subfield>
    <subfield code="7">0</subfield>
    <subfield code="9">51939</subfield>
    <subfield code="a">LBB</subfield>
    <subfield code="b">LBB</subfield>
    <subfield code="d">2016-09-09</subfield>
    <subfield code="l">2</subfield>
    <subfield code="o">AVM THA 2007 B079 Or.10</subfield>
    <subfield code="p">RUA060138</subfield>
    <subfield code="r">2022-06-13</subfield>
    <subfield code="s">2022-06-01</subfield>
    <subfield code="w">2016-09-09</subfield>
    <subfield code="y">AVM</subfield>
  </datafield>
</record>
